[Event "Ojinaga Perla del Desierto op"]
[Site "Ojinaga"]
[Date "2023.10.28"]
[Round "6"]
[White "Espinoza, Rios Neftali"]
[Black "Miranda Rodriguez, Tania"]
[Result "0-1"]
[WhiteElo "1561"]
[BlackElo "2128"]
[PlyCount "76"]
[EventDate "2023.10.26"]
[EventType "swiss"]
[EventRounds "7"]
[EventCountry "MEX"]
[SourceTitle "Mega2024 Update 01"]
[Source "Chessbase"]
[SourceDate "2023.11.12"]
[SourceVersion "1"]
[SourceVersionDate "2023.11.12"]
[SourceQuality "1"]

1. d4 Nf6 2. Bf4 d5 3. e3 c5 4. c3 Nc6 5. Bd3 Bg4 6. Be2 Bf5 7. Nf3 Qb6 8. Qb3 c4 9. Qxb6 axb6 10. Na3 e6 11. Nb5 Ra5 12. a4 Bc2 13. Bd1 Bxd1 14. Kxd1 Ne4 15. Ke2 Be7 16. Bc7 Ra6 17. Nd2 Nxd2 18. Kxd2 Kd7 19. Bg3 Na5 20. Kc2 Nb3 21. Ra2 Ra5 22. e4 Rha8 23. Nc7 R8a7 24. exd5 exd5 25. Re1 Bd8 26. Ne8 g6 27. Nd6 f6 28. h4 Rxa4 29. Rxa4 Rxa4 30. Nxb7 Be7 31. Bb8 Ra8 32. Bg3 Ra7 33. Rxe7+ Kxe7 34. Nd6 Ra1 35. Bf4 g5 36. hxg5 fxg5 37. Nf5+ Kf6 38. Ne3 Rc1# 0-1